Statistics for Formula 1 Most Race Wins per Country

Click here to take the quiz!

General Stats

  • This quiz has been taken 243 times
    (66 since last reset)
  • The average score is 36 of 51

Answer Stats

NationalityWinsDriver% Correct
Germany91Michael Schumacher
98%
Spain32Fernando Alonso
96%
Germany53Sebastian Vettel
96%
Brazil41Ayrton Senna
94%
Finland21Kimi Räikkönen
94%
Finland20Mika Häkkinen
94%
Argentina24Juan Manuel Fangio
92%
France51Alain Prost
90%
Spain2Carlos Sainz Jr.
90%
Netherlands54Max Verstappen
90%
Germany23Nico Rosberg
90%
Austria25Niki Lauda
90%
Monaco5Charles Leclerc
88%
United Kingdom103Lewis Hamilton
88%
Mexico6Sergio Pérez
88%
Canada6Gilles Villeneuve
86%
Canada11Jacques Villeneuve
86%
Poland1Robert Kubica
84%
Australia9Mark Webber
82%
Brazil23Nelson Piquet
82%
Finland10Valtteri Bottas
80%
Brazil14Emerson Fittipaldi
76%
Colombia7Juan Pablo Montoya
76%
United Kingdom31Nigel Mansell
76%
United States3Phil Hill
74%
South Africa10Jody Scheckter
72%
Australia12Alan Jones
70%
Italy13Alberto Ascari
70%
Australia14Jack Brabham
70%
Austria6Jochen Rindt
68%
United States12Mario Andretti
68%
Italy5Michele Alboreto / Nino Farina
68%
Venezuela1Pastor Maldonado
66%
Austria10Gerhard Berger
62%
United Kingdom27Jackie Stewart
62%
New Zealand4Bruce McLaren
60%
New Zealand8Denny Hulme
60%
Belgium8Jacky Ickx
60%
Argentina12Carlos Reutemann
56%
Switzerland5Clay Regazzoni
56%
Mexico2Pedro Rodríguez
56%
Sweden10Ronnie Peterson
56%
France7René Arnoux
52%
Argentina2José Froilán González
48%
Italy6Riccardo Patrese
48%
France6Jacques Laffite
46%
Belgium3Thierry Boutsen
44%
United States4Dan Gurney
36%
Switzerland2Jo Siffert
28%
Sweden1Gunnar Nilsson
26%
Sweden1Jo Bonnier
24%

Score Distribution

Percentile by Number Answered

Percent of People with Each Score

Your Score History

You have not taken this quiz since the last reset